[Event "EU-ch rapid"]
[Site "Katowice"]
[Date "2017.12.17"]
[Round "11"]
[White "Lupik, Marina"]
[Black "Vykouk, Jan"]
[Result "0-1"]
[WhiteElo "2190"]
[BlackElo "2435"]
[PlyCount "108"]
[EventDate "2017.12.16"]
[EventType "swiss (rapid)"]
[EventRounds "11"]
[EventCountry "POL"]
[SourceTitle "CBM 182 Extra"]
[Source "ChessBase"]
[SourceDate "2018.02.23"]
[SourceVersion "1"]
[SourceVersionDate "2018.02.23"]
[SourceQuality "1"]

1. e4 c5 2. c3 d5 3. exd5 Qxd5 4. d4 g6 5. Nf3 Bg7 6. Be2 cxd4 7. cxd4 Nh6 8. 0-0 0-0 9. Nc3 Qd8 10. Bf4 Nf5 11. d5 Nd7 12. Nb5 a6 13. Bc7 Qe8 14. Nbd4 Nf6 15. Rc1 Qd7 16. Nxf5 Qxf5 17. d6 exd6 18. Qxd6 Ne8 19. Qb4 Nxc7 20. Rxc7 b5 21. Rfc1 Be6 22. b3 Rfe8 23. Bf1 Rad8 24. Qc5 Bd5 25. Rd1 Bf8 26. Qc3 Bd6 27. Rxd5 Qxd5 28. Ra7 Qc5 29. Qxc5 Bxc5 30. Rxa6 Rd1 31. g3 Re2 32. Ra8+ Kg7 33. Rd8 Rxf1+ 34. Kxf1 Rxf2+ 35. Ke1 Rxf3 36. Rd5 Rf5 37. Rd7 b4 38. Rb7 h5 39. Ke2 Rf2+ 40. Kd3 Rxa2 41. Rc7 Bf8 42. h3 Rg2 43. g4 hxg4 44. hxg4 Rxg4 45. Rd7 Rg3+ 46. Kc4 Rc3+ 47. Kd4 Rxb3 48. Rc7 Rb1 49. Rc2 b3 50. Rg2 Be7 51. Kd3 Bf6 52. Rf2 b2 53. Kc2 Rc1+ 54. Kd3 b1B+ 0-1

[Event "EU-ch rapid"]
[Site "Katowice"]
[Date "2017.12.16"]
[Round "3"]
[White "Lupik, Marina"]
[Black "Michalik, Peter"]
[Result "0-1"]
[WhiteElo "2190"]
[BlackElo "2557"]
[PlyCount "110"]
[EventDate "2017.12.16"]
[EventType "swiss (rapid)"]
[EventRounds "11"]
[EventCountry "POL"]
[SourceTitle "CBM 182 Extra"]
[Source "ChessBase"]
[SourceDate "2018.02.23"]
[SourceVersion "1"]
[SourceVersionDate "2018.02.23"]
[SourceQuality "1"]

1. e4 c6 2. d4 d5 3. exd5 cxd5 4. Bd3 Nc6 5. c3 g6 6. Bf4 Bf5 7. Nf3 Bxd3 8. Qxd3 Qb6 9. Qe2 Nf6 10. Na3 Bg7 11. 0-0 a6 12. Ne5 0-0 13. Rab1 Rfe8 14. Nc2 Ne4 15. Ne3 e6 16. f3 Nf6 17. Nxc6 bxc6 18. Be5 c5 19. dxc5 Qxc5 20. Kh1 Rec8 21. Rfd1 Qb5 22. Qd2 h5 23. Nc2 Qa5 24. a3 Qd8 25. Nd4 Bf8 26. Qf2 Nd7 27. Bg3 Bg7 28. Bh4 g5 29. Bg3 h4 30. Bd6 Nb6 31. Bc5 Na4 32. Nb3 Rab8 33. Bb4 Nb6 34. Ba5 Qd6 35. Bb4 Qf4 36. Nc5 a5 37. Bxa5 Nc4 38. Bb4 h3 39. g3 Qf5 40. Nd3 e5 41. g4 Qg6 42. Nc5 e4 43. Rxd5 e3 44. Qe1 Qc2 45. Qf1 Rd8 46. Rc1 Qg2+ 47. Qxg2 hxg2+ 48. Kxg2 Rxd5 49. Ne4 Nxb2 50. Rc2 Nd3 51. Kf1 Nf4 52. Ke1 Rbd8 53. Bd6 R8xd6 54. Nxd6 Rxd6 55. c4 Rb6 0-1

[Event "EU-ch blitz"]
[Site "Katowice"]
[Date "2017.12.15"]
[Round "14"]
[White "Szalanczy, Emil"]
[Black "Lupik, Marina"]
[Result "0-1"]
[WhiteElo "2201"]
[BlackElo "2190"]
[PlyCount "84"]
[EventDate "2017.12.15"]
[EventType "swiss (blitz)"]
[EventRounds "22"]
[EventCountry "POL"]
[SourceTitle "CBM 182 Extra"]
[Source "ChessBase"]
[SourceDate "2018.02.23"]
[SourceVersion "1"]
[SourceVersionDate "2018.02.23"]
[SourceQuality "1"]

1. e4 c5 2. Nf3 d6 3. d4 cxd4 4. Nxd4 Nf6 5. Nc3 a6 6. Be3 Ng4 7. Bg5 h6 8. Bc1 Nf6 9. Bc4 e6 10. Qe2 b5 11. Bb3 Nbd7 12. Be3 Nc5 13. f3 Nxb3 14. axb3 Bb7 15. Rd1 Qc7 16. 0-0 Be7 17. b4 0-0 18. Nb3 Rac8 19. Na5 Ba8 20. Qf2 d5 21. Bb6 Qb8 22. exd5 Nxd5 23. Nxd5 Bxd5 24. Bc5 Bxc5 25. bxc5 b4 26. Nb3 Qb5 27. Ra1 Bxb3 28. cxb3 Rxc5 29. Rxa6 Rfc8 30. Raa1 Rc2 31. Qd4 Qe2 32. Qg4 Rxb2 33. Rae1 Qc2 34. h4 Qxb3 35. Kh2 Qc4 36. Qg3 b3 37. Ra1 Rc2 38. Rfb1 b2 39. Ra7 Qd4 40. Rb7 Rc1 41. R7xb2 Qg1+ 42. Kh3 Rxb1 0-1

[Event "Chepukaitis Memorial blitz prelim"]
[Site "St Petersburg"]
[Date "2013.09.07"]
[Round "4"]
[White "Goganov, Aleksey"]
[Black "Lupik, Marina"]
[Result "1-0"]
[WhiteElo "2577"]
[BlackElo "2190"]
[PlyCount "57"]
[EventDate "2013.09.07"]
[EventType "swiss (blitz)"]
[EventRounds "11"]
[EventCountry "RUS"]
[SourceTitle "CBM 156 Extra"]
[Source "ChessBase"]
[SourceDate "2013.10.22"]
[SourceVersion "1"]
[SourceVersionDate "2013.10.22"]
[SourceQuality "1"]

1. d4 Nf6 2. c4 c5 3. d5 e5 4. Nc3 d6 5. e4 Be7 6. g3 0-0 7. Bg2 Ne8 8. Nf3 f5 9. exf5 Bxf5 10. 0-0 Nd7 11. Qe2 a6 12. Nd2 Ndf6 13. Nde4 Nxe4 14. Nxe4 Nc7 15. a4 b6 16. Bd2 Rb8 17. h4 b5 18. axb5 axb5 19. Ra7 b4 20. Be3 Ra8 21. Rxa8 Qxa8 22. Nxc5 dxc5 23. d6 Qd8 24. dxe7 Qxe7 25. Re1 Bd7 26. Bg5 Qf7 27. Be3 Be6 28. Bxc5 Bxc4 29. Qd1 1-0

[Event "St Petersburg Botvinnik Memorial op"]
[Site "St Petersburg"]
[Date "2012.09.02"]
[Round "9"]
[White "Trapeznikova, Darya"]
[Black "Lupik, Marina"]
[Result "0-1"]
[WhiteElo "2050"]
[BlackElo "2197"]
[PlyCount "94"]
[EventDate "2012.08.25"]
[EventType "swiss"]
[EventRounds "9"]
[EventCountry "RUS"]
[SourceTitle "CBM 150 Extra"]
[Source "ChessBase"]
[SourceDate "2012.10.19"]
[SourceVersion "1"]
[SourceVersionDate "2012.10.19"]
[SourceQuality "1"]

1. d4 d5 2. c4 e6 3. Nc3 c6 4. e3 f5 5. g4 fxg4 6. Qxg4 Nf6 7. Qd1 Nbd7 8. Nf3 Bd6 9. Bd3 Qe7 10. Qc2 e5 11. cxd5 cxd5 12. dxe5 Nxe5 13. Be2 Bh3 14. Nd4 g6 15. Qb3 Rd8 16. Bd2 Bc5 17. 0-0-0 0-0 18. f4 Neg4 19. Bf1 Bxf1 20. Rhxf1 Nxe3 21. Rde1 Bxd4 22. Rf3 Qc5 23. Bxe3 Bxe3+ 24. Rfxe3 Qc4 25. Qxc4 dxc4 26. Re7 Rf7 27. Kc2 a6 28. a4 Rd4 29. Rxf7 Kxf7 30. Ne2 Re4 31. Kd2 Nd5 32. Rf1 Kf6 33. Rf2 h5 34. h4 Re3 35. Ng1 Kf5 36. Rg2 Rd3+ 37. Kc1 Nxf4 38. Rc2 Rg3 39. Ne2 Nxe2+ 40. Rxe2 Rb3 41. Re7 b5 42. axb5 axb5 43. Kc2 Rh3 44. Rb7 Rxh4 45. Rxb5+ Kf6 46. Kc3 Rf4 47. Rb8 h4 0-1

[Event "St Petersburg Botvinnik Memorial op"]
[Site "St Petersburg"]
[Date "2012.08.31"]
[Round "7"]
[White "Pershin, Denis"]
[Black "Lupik, Marina"]
[Result "1-0"]
[WhiteElo "2103"]
[BlackElo "2197"]
[PlyCount "69"]
[EventDate "2012.08.25"]
[EventType "swiss"]
[EventRounds "9"]
[EventCountry "RUS"]
[SourceTitle "CBM 150 Extra"]
[Source "ChessBase"]
[SourceDate "2012.10.19"]
[SourceVersion "1"]
[SourceVersionDate "2012.10.19"]
[SourceQuality "1"]

1. e4 c5 2. Nf3 e6 3. d4 cxd4 4. Nxd4 g6 5. Nc3 Qb6 6. Nb3 Nc6 7. Be2 Nf6 8. a3 Be7 9. 0-0 0-0 10. Be3 Qc7 11. f4 d6 12. a4 b6 13. Qe1 Bb7 14. Qf2 Nd7 15. Bf3 Nb4 16. Rad1 Nc5 17. Rd4 Nc6 18. Rd2 Rfd8 19. Rfd1 Bf6 20. e5 dxe5 21. Bxc5 bxc5 22. Nxc5 Na5 23. Rd7 Qc8 24. Bxb7 Nxb7 25. Rxb7 Rxd1+ 26. Nxd1 exf4 27. b4 Be5 28. Qd2 a5 29. c3 axb4 30. cxb4 h6 31. Qd7 Qf8 32. Nxe6 Bd4+ 33. Nxd4 Rd8 34. Qc7 Rxd4 35. Rb8 1-0

[Event "St Petersburg Botvinnik 100 op"]
[Site "St Petersburg"]
[Date "2011.08.19"]
[Round "8"]
[White "Lupik, Marina"]
[Black "Eryshkanova, Anastasiya"]
[Result "0-1"]
[WhiteElo "2212"]
[BlackElo "2122"]
[PlyCount "76"]
[EventDate "2011.08.12"]
[EventType "swiss"]
[EventRounds "9"]
[EventCountry "RUS"]
[SourceTitle "CBM 143 Extra"]
[Source "ChessBase"]
[SourceDate "2011.08.29"]
[SourceVersion "1"]
[SourceVersionDate "2011.08.29"]
[SourceQuality "1"]

1. e4 e5 2. Nf3 Nf6 3. Nxe5 d6 4. Nf3 Nxe4 5. Nc3 Nf6 6. d4 d5 7. Be2 Bd6 8. Bg5 c6 9. 0-0 0-0 10. Re1 Be6 11. Ne5 Nbd7 12. Bd3 Qb6 13. Nxd7 Nxd7 14. Qh5 g6 15. Qh4 Rfe8 16. Ne2 Bf8 17. c3 Bg7 18. b4 a5 19. a3 Nf8 20. Nf4 Bd7 21. Be7 axb4 22. Bxb4 Qc7 23. a4 Rxa4 24. Reb1 b6 25. Qg3 c5 26. Ba3 Qd6 27. Qf3 Bc6 28. h4 Nd7 29. h5 Qf6 30. Qg4 cxd4 31. Nxd5 Bxd5 32. Qxd7 Bc6 33. Qc7 dxc3 34. Rc1 Bh6 35. Rc2 Bf4 36. Qxb6 Qh4 37. f3 Re1+ 38. Bf1 Qh2+ 0-1

[Event "St Petersburg Botvinnik 100 op"]
[Site "St Petersburg"]
[Date "2011.08.14"]
[Round "3"]
[White "Opanasenko, Mikhail"]
[Black "Lupik, Marina"]
[Result "1-0"]
[WhiteElo "2017"]
[BlackElo "2212"]
[PlyCount "89"]
[EventDate "2011.08.12"]
[EventType "swiss"]
[EventRounds "9"]
[EventCountry "RUS"]
[SourceTitle "CBM 143 Extra"]
[Source "ChessBase"]
[SourceDate "2011.08.29"]
[SourceVersion "1"]
[SourceVersionDate "2011.08.29"]
[SourceQuality "1"]

1. e4 c5 2. Nf3 d6 3. d4 cxd4 4. Qxd4 a6 5. Bg5 Nc6 6. Qd2 Nf6 7. Nc3 h6 8. Bxf6 gxf6 9. 0-0-0 e6 10. Kb1 b5 11. Nd4 Qb6 12. Nxc6 Qxc6 13. Bd3 Bb7 14. Rhe1 0-0-0 15. Qf4 Be7 16. Ne2 d5 17. f3 d4 18. Rc1 e5 19. Qh4 Qe6 20. Qf2 Kb8 21. Ng3 Bc8 22. Nf5 Bc5 23. Qe2 Qb6 24. Red1 Be6 25. Ng7 Bd7 26. f4 Rdg8 27. Nf5 Be6 28. Qd2 h5 29. g3 Rc8 30. Nh4 Bf8 31. Rf1 Bc4 32. Rcd1 Qe6 33. a3 Qb6 34. Nf3 b4 35. a4 b3 36. Bxc4 Rxc4 37. cxb3 Qxb3 38. Qd3 Qxa4 39. fxe5 Bh6 40. Nxd4 fxe5 41. Nf5 Bf8 42. b3 Rb4 43. Qd8+ Kb7 44. Rd7+ Kc6 45. Qc7+ 1-0

[Event "Yuzhny FO-ch op"]
[Site "Armavir"]
[Date "2011.03.20"]
[Round "9"]
[White "Petrova, Olga"]
[Black "Lupik, Marina"]
[Result "1-0"]
[WhiteElo "2230"]
[BlackElo "2206"]
[PlyCount "59"]
[EventDate "2011.03.12"]
[EventType "swiss"]
[EventRounds "9"]
[EventCountry "RUS"]
[SourceTitle "CBM 141 Extra"]
[Source "ChessBase"]
[SourceDate "2011.05.03"]
[SourceVersion "1"]
[SourceVersionDate "2011.05.03"]
[SourceQuality "1"]

1. e4 c5 2. Nf3 d6 3. d4 cxd4 4. Nxd4 Nf6 5. Nc3 a6 6. Be2 e5 7. Nb3 Be7 8. Be3 Be6 9. Nd5 Nxd5 10. exd5 Bf5 11. c4 Nd7 12. 0-0 0-0 13. Qd2 Bg6 14. Na5 f5 15. f4 Qc7 16. b4 Nf6 17. Bf3 Rad8 18. Qf2 Nd7 19. fxe5 dxe5 20. c5 f4 21. d6 fxe3 22. Qxe3 Bxd6 23. cxd6 Qxd6 24. Nxb7 Qxb4 25. Nxd8 Rxd8 26. Rad1 Qe7 27. Qa7 e4 28. Bg4 Be8 29. Rd5 e3 30. Re1 1-0

[Event "Yuzhny FO-ch op"]
[Site "Armavir"]
[Date "2011.03.16"]
[Round "5"]
[White "Lugovskoy, Maxim"]
[Black "Lupik, Marina"]
[Result "0-1"]
[WhiteElo "2159"]
[BlackElo "2206"]
[PlyCount "188"]
[EventDate "2011.03.12"]
[EventType "swiss"]
[EventRounds "9"]
[EventCountry "RUS"]
[SourceTitle "CBM 141 Extra"]
[Source "ChessBase"]
[SourceDate "2011.05.03"]
[SourceVersion "1"]
[SourceVersionDate "2011.05.03"]
[SourceQuality "1"]

1. e4 c5 2. Nf3 d6 3. Bb5+ Bd7 4. Bxd7+ Nxd7 5. 0-0 Ngf6 6. Re1 e6 7. b3 Be7 8. Bb2 b5 9. d4 0-0 10. Nbd2 Qb6 11. c4 cxd4 12. Bxd4 Qb7 13. Qe2 a6 14. Rac1 Rac8 15. Red1 Rfd8 16. cxb5 axb5 17. a4 bxa4 18. bxa4 e5 19. Bc3 Nc5 20. Ba5 Re8 21. Qb5 Qxb5 22. axb5 Nfxe4 23. Nxe4 Nxe4 24. Nd2 Nc5 25. Rb1 Nb7 26. Nb3 f5 27. Bb4 Kf7 28. Ra1 Ra8 29. Ra6 Ke6 30. Rda1 Rab8 31. Rb6 Rec8 32. g3 Nd8 33. Raa6 Rxb6 34. Rxb6 Kd5 35. Na5 Rc1+ 36. Kg2 Rb1 37. Bd2 g5 38. Nb7 Ne6 39. Na5 Nd4 40. Rb7 Bd8 41. Rxh7 Bxa5 42. Bxa5 Rxb5 43. Bd8 g4 44. h3 gxh3+ 45. Rxh3 Ne6 46. Bf6 Rb2 47. Rh1 Rd2 48. Ra1 e4 49. Ra5+ Nc5 50. Bg5 Rc2 51. Be3 Ke6 52. Ra8 Nd3 53. Re8+ Kf7 54. Rd8 Ne5 55. Kf1 Ke7 56. Bg5+ Ke6 57. Re8+ Kf7 58. Re7+ Kg6 59. Be3 Kf6 60. Re8 Ng4 61. Bd4+ Kf7 62. Ra8 Rd2 63. Ra4 Nh2+ 64. Kg2 Nf3 65. Be3 Rd1 66. Ra8 d5 67. Ra7+ Ke6 68. Ra6+ Kd7 69. Ra7+ Kc6 70. Rf7 d4 71. Bf4 Rg1+ 72. Kh3 Rh1+ 73. Kg2 Rh5 74. Re7 d3 75. Rc7+ Kb5 76. Rd7 Kc4 77. Kf1 Kc3 78. Rc7+ Kb3 79. Rb7+ Kc4 80. Rc7+ Kb5 81. Rb7+ Kc6 82. Rc7+ Kb6 83. Rd7 Rh1+ 84. Kg2 Rg1+ 85. Kh3 Rd1 86. Rd6+ Kb7 87. Rd7+ Kc8 88. Rd5 d2 89. Bxd2 Rxd2 90. Rxd2 Nxd2 91. g4 f4 92. g5 Kd7 93. Kg4 e3 94. fxe3 fxe3 0-1

[Event "Yuzhny FO-ch op"]
[Site "Armavir"]
[Date "2011.03.13"]
[Round "2"]
[White "Lupik, Marina"]
[Black "Evdokimov, Alexander A"]
[Result "0-1"]
[WhiteElo "2206"]
[BlackElo "2553"]
[PlyCount "118"]
[EventDate "2011.03.12"]
[EventType "swiss"]
[EventRounds "9"]
[EventCountry "RUS"]
[SourceTitle "CBM 141 Extra"]
[Source "ChessBase"]
[SourceDate "2011.05.03"]
[SourceVersion "1"]
[SourceVersionDate "2011.05.03"]
[SourceQuality "1"]

1. e4 c5 2. c3 g6 3. d4 cxd4 4. Qxd4 Nf6 5. Nf3 Nc6 6. Qa4 Qc7 7. Na3 Bg7 8. Be2 0-0 9. 0-0 d6 10. Nb5 Qb8 11. Qc2 Bd7 12. Rd1 Rc8 13. Be3 a6 14. Nbd4 Na5 15. a4 e5 16. Nb3 Nxb3 17. Qxb3 Nxe4 18. Bc4 Be8 19. Bd5 Nf6 20. Qxb7 Nxd5 21. Qxb8 Raxb8 22. Rxd5 Bf8 23. Bc1 Rc4 24. a5 Bc6 25. Rd1 f6 26. Ra2 Rg4 27. Ne1 Ba4 28. Rd3 Bb5 29. Rg3 Rxg3 30. hxg3 Bc4 31. Ra1 d5 32. Nf3 Kf7 33. Nd2 Be2 34. b3 Bh6 35. c4 d4 36. c5 Ke6 37. Rb1 Bd3 38. Rb2 Rb4 39. f4 Bf8 40. c6 Rb8 41. fxe5 fxe5 42. Nf3 Rc8 43. Rd2 Rxc6 44. Bb2 Bb5 45. Bxd4 Rc1+ 46. Kh2 exd4 47. Nxd4+ Kf7 48. Nxb5 axb5 49. Rd7+ Be7 50. a6 Ra1 51. a7 h5 52. Rb7 b4 53. g4 h4 54. g3 hxg3+ 55. Kxg3 Ke6 56. Kf4 g5+ 57. Ke4 Bc5 58. Rb5 Kd6 59. Kf5 Rxa7 0-1

[Event "Cesenatico op 14th"]
[Site "Cesenatico"]
[Date "2010.09.03"]
[Round "5"]
[White "Bossoni, Mario"]
[Black "Lupik, Marina"]
[Result "0-1"]
[WhiteElo "1968"]
[BlackElo "2216"]
[PlyCount "80"]
[EventDate "2010.08.30"]
[EventType "swiss"]
[EventRounds "9"]
[EventCountry "ITA"]
[SourceTitle "CBM 138 Extra"]
[Source "ChessBase"]
[SourceDate "2010.10.29"]
[SourceVersion "1"]
[SourceVersionDate "2010.10.29"]
[SourceQuality "1"]

1. e4 c5 2. d4 cxd4 3. c3 dxc3 4. Nxc3 d6 5. Nf3 Nc6 6. Bc4 Nf6 7. e5 dxe5 8. Qxd8+ Nxd8 9. Nb5 Rb8 10. Nxe5 e6 11. Nc7+ Ke7 12. Nb5 a6 13. Nc3 Nd7 14. Bf4 Nxe5 15. Bxe5 Ra8 16. 0-0-0 Nc6 17. Bc7 b5 18. Be2 Ra7 19. Bg3 f5 20. Bf3 Na5 21. Bh4+ Kf7 22. Rd8 g6 23. Bg5 Bg7 24. Rhd1 Rxd8 25. Rxd8 Rc7 26. Kb1 Nc4 27. Bf4 Be5 28. Bxe5 Nxe5 29. Be2 Bb7 30. f4 Nc6 31. Rd2 Ne7 32. g3 Nd5 33. Nxd5 Bxd5 34. b3 Kf6 35. Kb2 g5 36. fxg5+ Kxg5 37. a3 f4 38. gxf4+ Kxf4 39. Bh5 Rg7 40. Rf2+ Ke5 0-1

[Event "St Petersburg Rudenko Memorial (Women)"]
[Site "St Petersburg"]
[Date "2009.08.28"]
[Round "3"]
[White "Saduakassova, Dinara"]
[Black "Lupik, Marina"]
[Result "1-0"]
[WhiteElo "1939"]
[BlackElo "2234"]
[PlyCount "71"]
[EventDate "2009.08.24"]
[EventType "swiss"]
[EventRounds "9"]
[EventCountry "RUS"]
[SourceTitle "CBM 132 Extra"]
[Source "ChessBase"]
[SourceDate "2009.11.03"]
[SourceVersion "1"]
[SourceVersionDate "2009.11.03"]
[SourceQuality "1"]

1. d4 Nf6 2. Nf3 c5 3. c4 cxd4 4. Nxd4 e5 5. Nb5 d5 6. cxd5 Bc5 7. e3 0-0 8. N5c3 e4 9. Be2 Qe7 10. 0-0 a6 11. a4 Qe5 12. Nd2 Bb4 13. Nc4 Qg5 14. f4 Qg6 15. Ne5 Qh6 16. Qd4 Bxc3 17. bxc3 Rd8 18. c4 Nbd7 19. Ba3 Re8 20. Nxd7 Bxd7 21. a5 Rad8 22. Qb6 Bc8 23. Be7 Rd7 24. Bxf6 gxf6 25. Bg4 Rdd8 26. Bxc8 Rxc8 27. d6 Red8 28. Qxb7 f5 29. Rfd1 Rxc4 30. Qxa6 Rc2 31. Qb6 Rd7 32. Qb3 Rc8 33. Qb4 Rc2 34. Qa4 Rb2 35. Qxd7 Qg6 36. Qd8+ 1-0

[Event "Peterhof 08"]
[Site "Peterhof"]
[Date "2009.08.05"]
[Round "4"]
[White "Nadjezhdin, Dmitry"]
[Black "Lupik, Marina"]
[Result "1/2-1/2"]
[WhiteElo "2413"]
[BlackElo "2234"]
[PlyCount "57"]
[EventDate "2009.08.04"]
[EventType "tourn"]
[EventRounds "13"]
[EventCountry "RUS"]
[EventCategory "2"]
[SourceTitle "CBM 131 Extra"]
[Source "ChessBase"]
[SourceDate "2009.09.03"]
[SourceVersion "2"]
[SourceVersionDate "2009.09.16"]
[SourceQuality "1"]

1. e4 c5 2. Nf3 d6 3. d4 cxd4 4. Nxd4 Nf6 5. Nc3 a6 6. Bc4 e6 7. Bb3 Qc7 8. 0-0 Nbd7 9. Bg5 b5 10. Qe2 Bb7 11. Rad1 Nc5 12. Bxf6 gxf6 13. a3 h5 14. f4 Nxb3 15. cxb3 Be7 16. f5 Qd7 17. Qd3 0-0-0 18. Qh3 e5 19. Nc2 Rdg8 20. Nb4 Rg4 21. Qe3 Rhg8 22. Rd2 Kb8 23. Nbd5 Bd8 24. Kh1 Bxd5 25. Nxd5 Qa7 26. Qxa7+ Kxa7 27. Re2 Kb7 28. Rc1 Rh8 29. Rc3 1/2-1/2

[Event "EU-ch (Women) 10th"]
[Site "St Petersburg"]
[Date "2009.03.17"]
[Round "9"]
[White "Lupik, Marina"]
[Black "Savina, Anastasia"]
[Result "1/2-1/2"]
[WhiteElo "2163"]
[BlackElo "2297"]
[PlyCount "84"]
[EventDate "2009.03.08"]
[EventType "swiss"]
[EventRounds "11"]
[EventCountry "RUS"]
[SourceTitle "CBM 129 Extra"]
[Source "ChessBase"]
[SourceDate "2009.05.05"]
[SourceVersion "2"]
[SourceVersionDate "2009.05.20"]
[SourceQuality "1"]

1. e4 c5 2. c3 Nf6 3. e5 Nd5 4. d4 cxd4 5. Qxd4 e6 6. Nf3 Nc6 7. Qe4 f5 8. Qe2 Qc7 9. g3 b5 10. Bg2 a5 11. 0-0 Ba6 12. Rd1 Bc5 13. Ne1 Qxe5 14. Qxe5 Nxe5 15. Bxd5 exd5 16. Rxd5 d6 17. Bf4 0-0-0 18. Bxe5 Rhe8 19. Rxc5+ dxc5 20. f4 Rd1 21. Kf2 Red8 22. Nc2 Rh1 23. Ne3 Rxh2+ 24. Ke1 b4 25. c4 Rh1+ 26. Nf1 Bxc4 27. Nbd2 Rxd2 28. Kxd2 Rxf1 29. Rxf1 Bxf1 30. Bxg7 Kd7 31. a3 Kc6 32. axb4 cxb4 33. Kc2 Kb5 34. Bf6 a4 35. Be7 Kc4 36. b3+ axb3+ 37. Kb2 h5 38. Bf6 Bd3 39. Be7 Bc2 40. Bd6 Kd5 41. Bxb4 Ke4 42. Be7 Kf3 1/2-1/2

[Event "EU-ch (Women) 10th"]
[Site "St Petersburg"]
[Date "2009.03.16"]
[Round "8"]
[White "Zakurdjaeva, Irina"]
[Black "Lupik, Marina"]
[Result "0-1"]
[WhiteElo "2295"]
[BlackElo "2163"]
[PlyCount "80"]
[EventDate "2009.03.08"]
[EventType "swiss"]
[EventRounds "11"]
[EventCountry "RUS"]
[SourceTitle "CBM 129 Extra"]
[Source "ChessBase"]
[SourceDate "2009.05.05"]
[SourceVersion "2"]
[SourceVersionDate "2009.05.20"]
[SourceQuality "1"]

1. e4 c5 2. Nf3 d6 3. d4 cxd4 4. Nxd4 Nf6 5. Nc3 a6 6. Be2 e5 7. Nb3 Be7 8. 0-0 0-0 9. Re1 Nbd7 10. Be3 b5 11. a4 b4 12. Nd5 a5 13. Bc4 Bb7 14. f3 Nxd5 15. Bxd5 Qc7 16. Bxb7 Qxb7 17. Qd3 Nf6 18. Bf2 Rfd8 19. Red1 d5 20. Qb5 Qxb5 21. axb5 a4 22. Nd2 d4 23. Nc4 Nd7 24. b6 Rac8 25. b3 a3 26. Kf1 Bc5 27. Ke2 Bxb6 28. c3 bxc3 29. Rxa3 Bc5 30. Ra2 f6 31. f4 Rb8 32. fxe5 fxe5 33. Bg3 Rxb3 34. Bxe5 c2 35. Rxc2 d3+ 36. Rxd3 Rxd3 37. Bc7 Nf6 38. Bxd8 Rxd8 39. Nd2 Bb4 40. e5 Re8 0-1

[Event "EU-ch (Women) 10th"]
[Site "St Petersburg"]
[Date "2009.03.12"]
[Round "5"]
[White "Lupik, Marina"]
[Black "Nikanova, Ekaterina"]
[Result "1-0"]
[WhiteElo "2163"]
[BlackElo "2049"]
[PlyCount "91"]
[EventDate "2009.03.08"]
[EventType "swiss"]
[EventRounds "11"]
[EventCountry "RUS"]
[SourceTitle "CBM 129 Extra"]
[Source "ChessBase"]
[SourceDate "2009.05.05"]
[SourceVersion "2"]
[SourceVersionDate "2009.05.20"]
[SourceQuality "1"]

1. e4 c5 2. c3 Nf6 3. e5 Nd5 4. d4 cxd4 5. Qxd4 e6 6. Nf3 d6 7. Nbd2 Nc6 8. Qe4 Be7 9. Nc4 dxe5 10. Ncxe5 Nxe5 11. Nxe5 0-0 12. Bd3 f5 13. Qe2 Bg5 14. Bxg5 Qxg5 15. g3 b6 16. f4 Qe7 17. 0-0-0 a5 18. a4 Qc5 19. Kb1 Ra7 20. Rhe1 Rc7 21. Bb5 Nf6 22. Qe3 Qxe3 23. Rxe3 Bb7 24. Rd6 Be4+ 25. Ka1 Re7 26. c4 g6 27. Bd7 Nxd7 28. Nxd7 Rff7 29. Nxb6 Kg7 30. c5 Rc7 31. Rc3 Rc6 32. Rxc6 Bxc6 33. Ka2 Kf6 34. Rd3 Rc7 35. Ka3 Be4 36. Rd7 Rxd7 37. Nxd7+ Ke7 38. Ne5 Kd8 39. b4 axb4+ 40. Kxb4 Kc7 41. Kb5 Bg2 42. c6 h6 43. h4 g5 44. hxg5 hxg5 45. fxg5 Kd6 46. Kb6 1-0

[Event "EU-ch (Women) 10th"]
[Site "St Petersburg"]
[Date "2009.03.11"]
[Round "4"]
[White "Peng, Zhaoqin"]
[Black "Lupik, Marina"]
[Result "1-0"]
[WhiteElo "2461"]
[BlackElo "2163"]
[PlyCount "59"]
[EventDate "2009.03.08"]
[EventType "swiss"]
[EventRounds "11"]
[EventCountry "RUS"]
[SourceTitle "CBM 129 Extra"]
[Source "ChessBase"]
[SourceDate "2009.05.05"]
[SourceVersion "2"]
[SourceVersionDate "2009.05.20"]
[SourceQuality "1"]

1. d4 Nf6 2. Nf3 c5 3. d5 g6 4. c4 Bg7 5. Nc3 0-0 6. e4 d6 7. Be2 e5 8. 0-0 Ne8 9. Ne1 f5 10. f4 Nd7 11. Nd3 Ndf6 12. fxe5 Nxe4 13. Nxe4 fxe4 14. Rxf8+ Kxf8 15. Qf1+ Bf5 16. Nf4 Kg8 17. e6 Bd4+ 18. Kh1 Nf6 19. a4 Qe7 20. Ra3 Rf8 21. Qe1 h5 22. h3 Kg7 23. Qh4 Nxd5 24. Nxh5+ gxh5 25. Rg3+ Bg6 26. Qxh5 Qxe6 27. cxd5 Qf5 28. Qh6+ Kf7 29. Rxg6 Qf2 30. Rg7+ 1-0

[Event "EU-ch (Women) 10th"]
[Site "St Petersburg"]
[Date "2009.03.08"]
[Round "1"]
[White "Lupik, Marina"]
[Black "Sedina, Elena"]
[Result "1-0"]
[WhiteElo "2163"]
[BlackElo "2380"]
[PlyCount "107"]
[EventDate "2009.03.08"]
[EventType "swiss"]
[EventRounds "11"]
[EventCountry "RUS"]
[SourceTitle "CBM 129 Extra"]
[Source "ChessBase"]
[SourceDate "2009.05.05"]
[SourceVersion "2"]
[SourceVersionDate "2009.05.20"]
[SourceQuality "1"]

1. e4 e6 2. d4 d5 3. Nc3 Nf6 4. e5 Nfd7 5. f4 c5 6. Nf3 Nc6 7. Be3 cxd4 8. Nxd4 Bc5 9. Qd2 0-0 10. 0-0-0 Qe7 11. h4 f6 12. Nxc6 bxc6 13. Bxc5 Qxc5 14. exf6 Nxf6 15. h5 Rb8 16. a3 Ng4 17. Re1 Qb6 18. Na4 Qc7 19. Nc5 Qxf4 20. Qxf4 Rxf4 21. Nxe6 Rf6 22. Nc5 Bf5 23. Re7 Nf2 24. Rg1 Ne4 25. Na6 Rbf8 26. g4 Bc8 27. Bd3 Nf2 28. Rxa7 Nxd3+ 29. cxd3 Rf1+ 30. Rxf1 Rxf1+ 31. Kc2 Bxg4 32. Nb4 Rf2+ 33. Kc3 d4+ 34. Kxd4 Rxb2 35. Nxc6 Bxh5 36. Ke5 Be8 37. Ne7+ Kf8 38. d4 h5 39. Nf5 Re2+ 40. Kf4 g6 41. Nd6 h4 42. Rh7 Bc6 43. Kg5 Kg8 44. Rxh4 Kg7 45. Rg4 Bf3 46. Rg3 Bd5 47. Rc3 Rg2+ 48. Kf4 Kf6 49. Ne4+ Ke6 50. Rc5 Rh2 51. Ng5+ Kd6 52. Ra5 Rh4+ 53. Ke3 Rh1 54. Ra6+ 1-0